|
|
|
|
| LEADER |
00760nab a2200169 i 4500 |
| 001 |
misc24115 |
| 005 |
20191222150055.0 |
| 008 |
170908s1885 hu o 0|| zxx d |
| 040 |
|
|
|a SZTE Miscellanea Repozitórium
|b hun
|
| 041 |
|
|
|a zxx
|
| 100 |
1 |
|
|a Scholtz Albert
|
| 245 |
1 |
0 |
|a Közép-Európa
|h [elektronikus dokumentum] :
|b Közép-Európa nyugati része : A franczia [francia!] köztársaság ; Monaco fejedelemség ; Belgium királyság ; Hollandia királyság ; Luxemburg nagy fejedelemség /
|c Scholtz Albert
|
| 260 |
|
|
|c 1885
|
| 300 |
|
|
|a 47-67
|
| 490 |
0 |
|
|a Kolligátum
|
| 695 |
|
|
|a Földrajz - középiskola - tankönyv, Franciaország, Monaco, Belgium, Hollandia, Luxemburg
|
| 856 |
4 |
0 |
|u http://misc.bibl.u-szeged.hu/24115/1/010_023_047-067.pdf
|z Dokumentum-elérés
|